Brasilianer mit den meisten Bundesliga-Spielen - Statistiken

Allgemein
  • Dieses Quiz wurde 316 mal gespielt
    125 seit der letzten Aktualisierung
  • Das Durchschnittsergebnis liegt bei 15 aus 37
Antwortstatistiken
Spiele Debüt Verein(e) Spieler % Korrekt
358 2005 Werder, Wolfsburg,Schallke Naldo
82%
336 1998 Leverkusen,Bayern, HSV Ze Roberto
81%
322 1998 BVB Dede
74%
260 1994 VfB, Bayern, Gladbach Giovane Elber
73%
219 1998 Bremen, Schalke, HSV, Duisburg Ailton
71%
161 2006 Bremen, Wolfsburg Diego
70%
236 2001 Leverkusen,Bayern Lucio
67%
290 2008 Hertha, Schalke,Gladbach Raffael
66%
202 2009 Gladbach, Bayern,Wolfsburg Dante
64%
332 2005 Schalke, Bayern Rafinha
64%
205 2001 Hertha, Wolfsburg Marcelinho
61%
245 2008 TSG, Bayern, Wolfsburg Luiz Gustavo
59%
107 2007 Wolfsburg Grafite
58%
140 2011 TSG Roberto Firmino
56%
297 1999 VfB, Schalke Marcelo Bordon
46%
119 2008 BVB, Schalke Felipe Santana
45%
198 1993 Leverkusen, Bayern Paulo Sergio
40%
130 2001 BVB, VfB Ewerthon
32%
136 2001 Lautern, Schalke Lincoln
32%
136 2019 Frankfurt Tuta
28%
186 2014 Leverkusen Wendell
28%
168 2004 Mainz, VfB,KSC, BVB Antonio da Silva
27%
101 2001 Cottbus Vragel da Silva
27%
164 2007 Wolfsburg Josue
26%
139 2002 Leverkusen Juan
26%
101 2008 Leverkusen Renato Augusto
25%
126 1999 BVB, Köln Evanilson
22%
109 2008 Wolfsburg, Augsburg Caiuby
19%
154 1989 Leverkusen, Bayern Jorginho
18%
101 2019 Augsburg Iago
17%
116 2008 Köln Pedro Geromel
17%
133 2003 Frankfurt, Wolfsburg, TSG* Chris
14%
113 1997 Kaiserslautern Ratinho
13%
101 2004 Hertha Gilberto
11%
140 1999 Leverkusen,Wolfsburg Robson Ponte
8%
144 2003 Hannover Vinicius
6%
110 1999 Gladbach, Lautern Marcelo Pletsch
3%
Keine übereinstimmenden Quizze gefunden
Verteilung der Resultate
Anzahl Personen mit jedem Resultat
Perzentil nach korrekt beantworteten Fragen
Ihre Resultats-Entwicklung
Sie haben dieses Quiz seit der letzten Aktualisierung nicht gespielt